00311nam a2200121Ia 45000030006000000080041000060400015000471000019000622450029000812600050001105460012001600050017001720STCL150530s9999 xx 000 0 und d aSTCLcSTCL aKhem Sing Gill aResearch on Dwarf wheats bIndian Council of Agricultural Researchc1979 aEnglish20220125170343.0